| 000 | 00937pab a2200157 454500 | ||
|---|---|---|---|
| 008 | 180718b2002 xxu||||| |||| 00| 0 eng d | ||
| 100 | _aGrare, Frederic | ||
| 245 | _aForeign policy options | ||
| 260 | _c2002 | ||
| 300 | _ap.4568-571. | ||
| 362 | _a2 Nov | ||
| 520 | _aEvents in the past year, while making Pakistan a frontline ally in the `War against Terror' have had a dramatic impact on its foreign policy. The changing situation in Afghanistan has had repercussions on the domestic political set-up, with hardline Islamic elements increasingly critical of Musharraf's seeming capitulation on the Afghan as well as Kashmir issues. While the army remains a predominant force in the nation's polity, the unfolding domestic balance of power will very likely have a key impact in redefining Pakistani foreign policy. - Reproduced. | ||
| 650 | _aInternational relations | ||
| 773 | _aEconomic and Political Weekly | ||
| 909 | _a54443 | ||
| 999 |
_c54443 _d54443 |
||